000 00461nam a2200193Ia 4500
003 GCL
008 140319s9999 xx 000 0 eng d
040 _aGCL /
_cGCL
082 0 4 _aCH
_b823.087
_bS W
100 1 _aSOUTHGATE, VERA
245 1 0 _aCHICKEN LICKEN /
_cSOUTHGATE, VERA
260 _a[S.N] :
_bLODYBIRD BOOKS
300 _a50
650 0 4 _aLITERATURE
650 0 4 _aCHILDREN
650 0 4 _aTALES
650 0 4 _aCHILDREN - STORIES
942 _2ddc
_cBK
999 _c17945
_d17945